| 000 | 00472nam a2200169Ia 4500 | ||
|---|---|---|---|
| 008 | 210716s2004 xx 000 0 und d | ||
| 020 | _a8178813440 | ||
| 041 | _aeng | ||
| 082 | _a332.17 LAKS | ||
| 100 | _aLakshmi, S Vijay. | ||
| 245 |
_aABC of activity- based costing: concepts and experiences. _bConcepts and experiences. |
||
| 250 | _a1 | ||
| 260 |
_aHyderabad _bICFAI University Press _c2004 |
||
| 300 | _a169 | ||
| 650 | _aFinance | ||
| 700 | _aLakshmi, S Vijay. | ||
| 999 |
_c199679 _d199679 |
||